SEC Starting Quarterbacks Since 2010 - Statistics

General Stats
  • This quiz has been taken 239 times
    207 since last reset
  • The average score is 54 of 168
Answer Stats
School Answer Yr. Yds. TD INT % Correct
Bryce Young 2021-22 8,356 80 12
100%
Emory Jones 2020-21 3,347 26 14
94%
Jalen Hurts 2016-17 5,626 48 12
94%
Mac Jones 2019-20 6,126 56 7
94%
Tua Tagovailoa 2018-19 7,442 87 11
94%
Jalen Milroe 2022-23 2,853 27 9
88%
Joe Burrow 2018-19 8,565 76 11
88%
John Stephen Jones 2019 119 2 2
88%
Dak Prescott
82%
AJ McCarron 2011-13 9,019 77 15
76%
Auburn Cam Newton 2010 2,854 30 7
76%
Carson Beck 2023 3,981 28 8
76%
Stetson Bennett 2020-22 8,428 66 21
76%
Drew Lock
71%
Jaxson Dart 2022-23 5,959 40 16
71%
Jayden Daniels 2022-23 6,725 57 7
71%
Johnny Manziel
71%
JT Daniels 2020-21 1,953 17 5
71%
Morgan Newton 2009-12 1,837 15 13
71%
Will Levis 2021-22 5,232 43 23
71%
Anthony Richardson 2021-22 3,105 24 15
65%
Hendon Hooker
65%
Georgia Aaron Murray 2010-13 13,166 121 41
59%
Austin Allen 2016-17 5,045 36 21
59%
Bo Nix 2019-21 7,251 39 16
59%
Brandon Allen 2012-15 7,463 64 26
59%
Chad Kelly 2015-16 6,800 50 21
59%
Jake Fromm 2017-19 8,224 78 18
59%
Joe Milton
59%
LSU Jordan Jefferson 2008-11 4,733 34 20
59%
Josh Dobbs
59%
KJ Jefferson 2019-23 7,923 67 18
59%
Kyler Murray
59%
Kyle Trask 2019-20 7,386 69 15
59%
Jake Coker 2015 3,513 25 8
53%
Kyle Allen
53%
Vanderbilt Larry Smith
53%
Max Smith 2011-13 3,070 21 9
53%
Sawyer Smith 2019 690 4 5
53%
Spencer Rattler
53%
Blake Sims 2014 3,731 30 10
47%
Brady Cook
47%
Feleipe Franks 2020 2,107 17 4
47%
Feleipe Franks 2017-19 4,593 38 17
47%
Graham Mertz 2023 2,903 20 3
47%
Alabama Greg McElroy 2009-10 5,691 39 10
47%
Jeremy Johnson 2013-16 2,224 20 11
47%
Texas A&M Jerrod Johnson
47%
Matt Simms
47%
Max Johnson 2020-21 3,884 35 7
47%
Max Johnson 2022-23 1,969 12 5
47%
Nick Marshall 2013-14 4,508 34 13
47%
Stephen Johnson 2016-17 4,342 23 12
47%
Zach Mettenberger 2012-13 5,783 35 15
47%
Bo Wallace 2012-14 9,534 62 41
41%
Jacob Eason 2016-17 2,458 16 8
41%
Jarrett Stidham 2017-18 5,952 48 13
41%
Jeff Driskel 2011-14 3,411 23 20
41%
Matt Corral 2018-21 8,287 57 23
41%
Collin Hill
35%
Connor Shaw
35%
Deuce Wallace
35%
Jarrett Guarantano
35%
Jason Brown
35%
Jonathan Wallace 2012 761 4 4
35%
Kellen Mond
35%
Kenny Hill
35%
Arkansas Ryan Mallett 2009-10 7,496 62 19
35%
Terry Wilson Jr. 2018-20 3,436 27 16
35%
TJ Finley 2021-22 1,258 7 5
35%
TJ Finley 2020 941 5 5
35%
Tyler Wilson 2011-12 7,765 52 26
35%
Will Grier 2015 1,204 10 3
35%
Will Rogers
35%
Missouri Blaine Gabbert
29%
Devin Leary 2023 2,440 23 10
29%
Jordan Rodgers
29%
Jordan Ta'amu 2017-18 5,600 30 12
29%
Maty Mauk
29%
Nick Fitzgerald
29%
Tennessee Tyler Bray
29%
Blake Barnett 2016 219 2 0
24%
Brandon Harris 2014-16 2,756 20 10
24%
Conner Weigman
24%
Danny Etling 2016-17 4,586 27 7
24%
Dylan Thompson
24%
James Franklin
24%
John Rhys Plumlee 2019 981 5 3
24%
Keytaon Thompson
24%
Myles Brennan 2019-20 1,712 13 6
24%
South Carolina Stephen Garcia
24%
Treon Harris 2014-15 2,695 18 10
24%
Trevor Knight
24%
AJ Swann
18%
Anthony Jennings 2014 1,611 12 8
18%
Connor Bazelak
18%
Cooper Bateman 2015 291 1 2
18%
Haynes King
18%
Justin Worley
18%
Luke Del Rio 2016-17 1,496 9 9
18%
Malik Zaire 2017 349 0 1
18%
Max Brown 2023 192 0 1
18%
Mike Wright
18%
Randall Mackey 2011 1,112 7 5
18%
Ryan Tannehill
18%
Sean White 2015-16 2,845 10 7
18%
Shea Patterson 2016-17 2,259 23 12
18%
Austin Appleby 2016 1,447 10 7
12%
Brian Maurer
12%
Mississippi State Chris Relf
12%
Drew Barker 2015-17 747 5 7
12%
Garrett Shrader
12%
Greyson Lambert 2014-15 3,987 23 15
12%
Hutson Mason 2014 3,492 21 4
12%
Jake Bentley
12%
Ole Miss Jeremiah Masoli 2010 2,039 14 13
12%
Kyle Shurmur
12%
Luke Doty
12%
Kentucky Mike Hartline 2008-10 5,680 38 25
12%
Nick Starkel 2019 1,152 7 10
12%
Nick Starkel
12%
Patrick Towles 2014-15 5,099 24 24
12%
Payton Thorne 2023 1,671 15 9
12%
Perry Orth
12%
Quinten Dormady
12%
Robby Ashford 2022-23 1,758 9 9
12%
Ryan Hilinski
12%
Tyler Buchner 2023 61 0 0
12%
Tyler Murphy 2013 1,216 6 5
12%
Tyler Russell
12%
Ty Storey 2018 1,587 11 10
12%
Will McBride
12%
Zach Calzada
12%
Austyn Carta-Samuels
6%
Barrett Trotter 2011 1,184 11 6
6%
Barry Brunetti 2011-13 634 7 0
6%
Ben Hicks 2016-19 9,819 73 36
6%
Brandon McIlwain
6%
Clint Mosley 2011-12 1,173 6 6
6%
Cole Kelley 2017-18 1,493 13 9
6%
D'Wan Mathis 2020 89 1 3
6%
Faton Bauta 2015 202 0 4
6%
Gunnar Hoak 2018 167 2 1
6%
Harrison Bailey
6%
Jack Lindsey 2019 126 3 0
6%
Jacoby Brissett 2011-12 455 3 4
6%
Jake Hubenak
6%
Jalen Whitlow 2012-13 1,836 8 7
6%
Florida John Brantley 2010 4,750 30 18
6%
Johnny McCrary
6%
JT Shrout
6%
Kaiya Sheron 2022 187 2 1
6%
Ken Seals
6%
Kiehl Fazier 2012 787 2 10
6%
KJ Costello
6%
Malik Hornsby 2022 314 1 2
6%
Matt Roark 2011 15 0 0
6%
Nathan Peterman
6%
Patton Robinette
6%
Riley Neal
6%
Skyler Mornhinweg 2013 344 3 1
6%
Stephen Rivers
6%
Tommy Stevens
6%
Tyler Macon
6%
Wade Freebeck
6%
Zack Stoudt 2011 559 2 8
6%
Zeb Noland
6%
Mo Hasan
0%
No matching quizzes found
Score Distribution
Percent of People with Each Score
Percentile by Number Answered
Your Score History
You have not taken this quiz since the last reset